Inštitút agenta a jeho využitie na účely dokazovania korupcie

K legálnosti inštitútu agenta v slovenskom právnom poriadku. Právna úprava inštitútu agenta-kontrolóra. Právna úprava inštitútu agenta - provokatéra. Výsluch agenta ako dôkazný prostriedok na účely dokazovania korupcie.

Gespeichert in:
Bibliographische Detailangaben
1. Verfasser: Tóthová, Marcela
Format: Buchkapitel
Sprache:Slowakisch
Schlagworte:
Tags: Tag hinzufügen
Keine Tags, Fügen Sie das erste Tag hinzu!

MARC

LEADER 00000naa a2200000 4500
001 0141691
005 20231208095515.1
041 0 |a slo 
044 |a SK 
245 1 0 |a Inštitút agenta a jeho využitie na účely dokazovania korupcie  |c Marcela Tóthová 
520 |a K legálnosti inštitútu agenta v slovenskom právnom poriadku. Právna úprava inštitútu agenta-kontrolóra. Právna úprava inštitútu agenta - provokatéra. Výsluch agenta ako dôkazný prostriedok na účely dokazovania korupcie. 
610 2 0 |a korupcia 
610 2 0 |a právo trestné 
610 2 0 |a činnosť trestná 
610 2 0 |a legislatíva 
610 2 0 |a poriadok právny 
610 2 0 |a Slovensko 
100 1 |a Tóthová, Marcela